000 00427nam a22001697a 4500
003 NUST - PNEC
005 20170116181109.0
008 151003b xxu||||| |||| 00| 0 eng d
020 _a0133637220
040 _cLIBRARY
082 _a808.042 FUL
100 _912779
_aFulwiler, Toby
245 _aThe college writer's reference
_cToby Fulwiler
260 _cc.1996
650 _912782
_aReference
_xGeneral
942 _2ddc
_cBK
999 _c69031
_d69031